LEADER 01363nam0-22004091i-450- 001 990005559530203316 005 20110404034829.898 035 $a000555953 035 $aUSA01000555953 035 $a(ALEPH)000555953USA01 035 $a000555953 100 $a20110404d1969-------|0itac50------ba 101 $aita 102 $aIT 105 $a|||| ||||| 200 1 $aPresupposti della stima delle relazioni tra serie temporali$fRodolfo De Cristofaro 210 $aFirenze$cUniversità, Dipartimento statistico-matematico$d1969 215 $a77 p.$d24 cm 225 2$aRicerche teoriche. - Firenze$v2 410 1$12001$aRicerche teoriche. - Firenze$v2 606 $aStatistica$xModelli matematici$2FI 606 $aSerie $xStudi$2FI 620 $dFirenze 676 $a519.5$cStatistica matematica$v21 700 1$aDE_CRISTOFARO,$bRodolfo$0448305 712 $aUniversità, Dipartimento statistico-matematico 801 $aIT$bSOL$c20120104 912 $a990005559530203316 950 $aDIP.TO SCIENZE ECONOMICHE - (SA)$dDS 500 519.5 DEC$eFPP14598 DISES 951 $a500 519.5 DEC$b14598 DISES 959 $aBK 969 $aDISES 979 $c20121027$lUSA01$h1533 979 $c20121027$lUSA01$h1613 996 $aPresupposti della stima delle relazioni tra serie temporali$91036046 997 $aUNISA NUM $aUSA20099 LEADER 00998nam1 2200277 i 450 001 SUN0026358 005 20190531121549.950 010 $d0.00 100 $a20041025g19581960 |0engc50 ba 101 $aeng 102 $aUS 105 $a|||| ||||| 200 1 $a*Commutative algebra$fOscar Zariski, Pierre Samuel, with the cooperation of I. S. Cohen 210 $aNew York$cSpringer$d1958-1960 215 $a2 vol.$d24 cm. 463 1$1001SUN0026363$12001 $a<<*Commutative Algebra>> 1$v1$1210 $a1958$1215 $aX, 329 p.$d24 cm. 463 1$1001SUN0026368$12001 $a<<*Commutative Algebra>> 2$v2$1210 $a1960$1215 $aX, 414 p.$d24 cm. 620 $aUS$dNew York$3SUNL000011 700 1$aZariski$b, Oscar$f1899-1986$3SUNV021975$042025 701 1$aSamuel$b, Pierre$3SUNV021976$0344709 702 1$aCohen$b, I. S.$3SUNV021977 712 $aSpringer$3SUNV000178$4650 801 $aIT$bSOL$c20200921$gRICA 912 $aSUN0026358 996 $aCommutative algebra$978956 997 $aUNICAMPANIA